| 000 | 00616nab a2200145Ia 4500 | ||
|---|---|---|---|
| 003 | ES-SlBCS | ||
| 005 | 20210601144301.0 | ||
| 008 | 140529s2005 xxu||||| |||| 00| 0 spa d | ||
| 041 | _aspa | ||
| 100 | 1 |
_aBarrio de la Puente, José Luis _9297898 |
|
| 245 | 0 | 0 |
_aMarco teórico: el modelo de formación permanente del profesorado de los centros de profesores y recursos en la Comunidad de Madrid (1995-2001) _c José Luis Barrio De La Puente |
| 650 | 0 | 4 |
_aFormación Permanente del Profesorado-Madrid _9297939 |
| 773 | 0 |
_tRevista Complutense de Educación _gvol. 16, nº. 2, 2005, págs. 673-700 _wRev1338 |
|
| 942 | _cAR | ||
| 999 |
_c706214 _d706214 |
||